Addressing the Pandemic's Medium-Term Fallout in Australia and New Zealand.

While the world is focused on addressing the near-term ramifications of the COVID-19 shock, we turn attention to another important aspect of the pandemic: its fallout on medium-term potential output through scarring. Taking Australia and New Zealand as examples, we show that the pandemic will likely...

Full description

Bibliographic Details
Format: Journal
Language:English
Published: Washington, D.C. : International Monetary Fund, 2020.
Series:IMF Working Papers; Working Paper ; No. 2020/272
Subjects:
Online Access:Full text available on IMF
LEADER 02110cas a2200289 a 4500
001 AALejournalIMF021398
008 230101c9999 xx r poo 0 0eng d
020 |c 5.00 USD 
020 |z 9781513563282 
022 |a 1018-5941 
040 |a BD-DhAAL  |c BD-DhAAL 
245 1 0 |a Addressing the Pandemic's Medium-Term Fallout in Australia and New Zealand. 
264 1 |a Washington, D.C. :  |b International Monetary Fund,  |c 2020. 
300 |a 1 online resource (40 pages) 
490 1 |a IMF Working Papers 
500 |a <strong>Off-Campus Access:</strong> No User ID or Password Required 
500 |a <strong>On-Campus Access:</strong> No User ID or Password Required 
506 |a Electronic access restricted to authorized BRAC University faculty, staff and students 
520 3 |a While the world is focused on addressing the near-term ramifications of the COVID-19 shock, we turn attention to another important aspect of the pandemic: its fallout on medium-term potential output through scarring. Taking Australia and New Zealand as examples, we show that the pandemic will likely have a large and persistent impact on potential output, broadly in line with the experience of advanced economies from past recessions. The impact is driven by employment, capital stock, and productivity losses in the wake of an unprecedented sectoral reallocation, hightened uncertainty, and reduced migration. Maintaining fiscal and monetary policy support until the recovery is firmly entrenched and putting in place a strong structural policy agenda to counter the pandemic's adverse effects on medium-term potential output will be important to support standards of living and strengthen economic resilience in case of renewed shocks. 
538 |a Mode of access: Internet 
650 7 |a Advanced Economies  |2 imf 
650 7 |a COVID-19  |2 imf 
650 7 |a Potential Output  |2 imf 
650 7 |a Scarring  |2 imf 
651 7 |a Australia  |2 imf 
830 0 |a IMF Working Papers; Working Paper ;  |v No. 2020/272 
856 4 0 |z Full text available on IMF  |u http://elibrary.imf.org/view/journals/001/2020/272/001.2020.issue-272-en.xml  |z IMF e-Library